00925nam a2200229 a 450000100100000000500170001000800410002702000150006804000250008308200190010810000220012724000500014924501270019926000540032630000210038050000280040160000400042965000490046970000430051895201170056199900170067800002273420260305073955.0101117s2000 pn r 000 |aeng d a9962812038 aDO-SdBNPbspacBNPHU a923.187bB689B1 aBoyd, Bill94671510aBolívar, libertor of a continentlespañol10aBolívar :blibertador de un continente : una biografía dramatizada /cBill Boyd; edición, Giovanna Avendaño Vejas. aPanama :bCírculo de Lectura de la USMA,c2000. a326 p. ;c23 cm. aBibliografía : p. 31810aBolívar, Simón,d1783-18309253 4aPresidentes venezolanosxBiografías9467161 aAvendaño Vejas, Giovannaeed.946717 001050718MOaGRbGRcHDd2010-11-17iLF1l0o923.187 B689Bp22734-10r2020-06-25w2020-06-25y1ZNo se presta c22231d22231